Estatísticas para Cultura Geral

Clique aqui para jogar o quiz

Estatísticas Gerais

  • Esse quiz foi jogado 18 vezes
  • A pontuação média é 3 de 15

Estatísticas das Respostas

HintResposta% Correto
Em que país fica Belo Horizonte?Brasil
77%
Que nome damos a um relato não-ficcional da vida de uma pessoa?Biografia
54%
Como se diz rapariga em italiano?Ragazza
46%
Em que país fica a cidade de Gotemburgo?Suécia
38%
Em que canal de televisão dava a série Glee?Fox
31%
Que distrito londrino tem a longitude de zero graus?Greenwich
23%
Qual é o nome próprio masculino mais comum na Bulgária, Croácia e possivelmente na Rússia?Ivan
15%
A que filme pertence a música "Over the Rainbow"?The Wizard of Oz
15%
Que programa de TV estrelou Pamela Anderson e David Hasselhoff?Baywatch
8%
Onde se passava a série Glee?Ohio
8%
Na série Glee quem era a treinadora das cheerleaders?Sue Sylvester
8%
Na série Glee quem interpretava o papel de Kurt Hummel?Chris Colfer
0%
Na série Glee quem era o diretor da escola?Figgins
0%
Na série Glee que atriz interpretava o papel de Sue Sylvester?Jane Lynch
0%
Na série Glee quem era o diretor do coro?Will Schuester
0%

Distribuição das Pontuações

Percentil de Números Respondidos

Porcentagem de Pessoas com Cada Pontuação

Sua Pontuação Histórica

Você não jogou esse quiz